|
|
|
|
| LEADER |
00000nam a2200000 a 4500 |
| 001 |
vtls001368142 |
| 003 |
SK-MaSNL |
| 005 |
20260301070831.0 |
| 008 |
240226s1998 rm a rg slo |
| 015 |
|
|
|a SNBZSA1999-00279
|
| 020 |
|
|
|a 9739292259
|
| 035 |
|
|
|a SNK000321842
|
| 035 |
|
|
|a urn:nbn:sk:snk-amkjsz
|
| 035 |
|
|
|a urn:nbn:sk:snk-am003b79
|
| 035 |
|
|
|a A62F1B0D-0497-421B-8F3F-04E14E45FEC9
|
| 040 |
|
|
|a SNK
|b slo
|a SNK
|e AACR2
|c SNK
|
| 041 |
0 |
|
|a slo
|
| 044 |
|
|
|a RO
|
| 080 |
|
|
|a 859.0-1=590=854
|2 1981
|
| 100 |
1 |
|
|a Stănescu, Nichita
|d 1933-
|4 aut
|9 387682
|
| 240 |
1 |
0 |
|a Sunt pata de sînge
|l Slovensky
|
| 245 |
1 |
0 |
|a Som krvavá škvrna
|c Nichita Stănescu ; vybral a preložil: Ondrej Štefanko ; [obálka a ilustrácie: Rudolf Kocsis]
|
| 246 |
1 |
0 |
|a Sunt pata de sînge
|
| 246 |
1 |
1 |
|a Sunt pata de sînge
|
| 260 |
|
|
|a Nadlak
|b Vydavateľstvo Kultúrnej a vedeckej spoločnosti Ivana Krasku
|c 1998
|
| 300 |
|
|
|a 97 s.
|b ilustr.
|c 24 cm
|
| 500 |
|
|
|a Rozlož. tit. strana
|
| 500 |
|
|
|a Súbež. náz. a text rum.
|
| 500 |
|
|
|a Ilustr. na obál.
|
| 500 |
|
|
|a Údaj o ilustr. prevzatý z rubu tit. strany
|
| 655 |
|
7 |
|a rumunská poézia
|2 SNKPH
|9 70679
|
| 700 |
1 |
|
|a Štefanko, Ondrej,
|d 1949-2008
|4 trl
|4 com
|9 204508
|
| 700 |
1 |
|
|a Kočiš, Rudolf
|d 1963-
|4 ill
|9 387683
|
| 919 |
|
|
|a 973-9292-25-9
|
| 954 |
|
|
|a beletria cudzojazyčná (svetová)
|2 lita
|
| 958 |
|
|
|a ZS
|
| 958 |
|
|
|a TL
|
| 958 |
|
|
|a LX
|
| 958 |
|
|
|a UP
|
| 958 |
|
|
|a RO
|
| 999 |
|
|
|c 635651
|d 637581
|
| 952 |
|
|
|a SNK
|b SNK
|y VYP
|7 0
|p 17A0569230
|o snkSC 99331 D1
|i snk2008/416
|8 1
|0 0
|1 0
|4 0
|d 2008-01-08
|l 0
|r 2026-02-23 17:36:56
|w 2026-02-23
|
| 952 |
|
|
|t P60, <03>, [BOOK], {603}
|a SNK
|b SNK
|y PREZ
|7 0
|p 17A0200733
|o snkSC 99331
|i snkV 1115/99
|0 0
|1 0
|4 0
|d 1999-07-30
|f 1
|l 0
|r 2025-09-18 00:00:00
|w 2026-02-23
|